| 000 | 00592cam a2200193 4500500 | ||
|---|---|---|---|
| 005 | 20260405001951.0 | ||
| 041 | _afre | ||
| 042 | _adc | ||
| 100 | 1 | 0 |
_aNassif, Philippe _eauthor |
| 245 | 0 | 0 | _aYves Citton. “L’attention est une aliénation” |
| 260 | _c2015. | ||
| 500 | _a86 | ||
| 690 | _aattention | ||
| 690 | _aConcentration | ||
| 690 | _aDispersion | ||
| 690 | _aYves Citton | ||
| 786 | 0 | _nPhilosophie magazine | 88 | 4 | 2015-04-01 | p. 31-31 | 1951-1787 | |
| 856 | 4 | 1 | _uhttps://shs.cairn.info/magazine-philosophie-magazine-2015-4-page-31?lang=fr&redirect-ssocas=7080 |
| 999 |
_c2052831 _d2052831 |
||